[Event "Speed Chess Invitational"]
[Site "chess.com INT"]
[Date "2020.10.25"]
[Round "2.4"]
[White "Xiong, Jeffery"]
[Black "Duda, Jan-Krzysztof"]
[Result "1/2-1/2"]
[WhiteTitle "GM"]
[BlackTitle "GM"]
[WhiteElo "2709"]
[BlackElo "2757"]
[WhiteFideId "2047640"]
[BlackFideId "1170546"]
[EventDate "2020.10.25"]

1. d4 Nf6 2. c4 g6 3. Nc3 d5 4. cxd5 Nxd5 5. Na4 Bg7 6. e4 Nb6 7. Be3 Nxa4 8.
Qxa4+ Nd7 9. Nf3 O-O 10. Rd1 c5 11. dxc5 Qc7 12. Qa3 Nf6 13. Bd3 Bg4 14. O-O
Bxf3 15. gxf3 Nh5 16. Bb5 Nf4 17. Rd7 Qe5 18. Bxf4 Qxf4 19. Qe3 Qh4 20. f4 Rad8
21. Rfd1 Qg4+ 22. Qg3 Qxd1+ 23. Rxd1 Rxd1+ 24. Kg2 Bxb2 25. f5 Bd4 26. Bc4 Kg7
27. Qf4 Re1 28. Qd2 Rxe4 29. Bd5 Rg4+ 30. Kf3 gxf5 31. h3 Rd8 32. hxg4 Rxd5 33.
gxf5 Kf8 34. Ke4 Rd7 35. c6 bxc6 36. Qh6+ Ke8 37. Qxc6 Bb6 38. Kf4 f6 39. Kg4
Kd8 40. Kh5 Bxf2 41. Qa8+ Kc7 42. Kh6 Bb6 43. Kxh7 Rd3 44. Qe4 Rd7 45. Kg6 Bc5
46. Qe6 Rd4 47. Kf7 Bd6 48. Ke8 Rb4 49. Qd7+ Kb6 50. Qc8 Rb5 51. Kf7 Rc5 52. Qd7
a5 53. Qe6 a4 54. Qe4 a3 55. Qb4+ Rb5 56. Qe4 Kc7 57. Qc4+ Rc5 58. Qd3 Rc6 59.
Ke8 Kc8 60. Qb5 Kc7 61. Qd5 Rc5 62. Qe6 Kb6 63. Kf7 Ka5 64. Qe4 Re5 65. Qd3 Kb4
66. Qb3+ Ka5 67. Qc3+ Kb6 68. Qb3+ Kc6 69. Qc3+ Bc5 70. Qf3+ Kd6 71. Qd3+ Kc6
72. Qf3+ Kb5 73. Qb3+ Kc6 74. Qf3+ 1/2-1/2

[Event "Speed Chess Invitational"]
[Site "chess.com INT"]
[Date "2020.10.25"]
[Round "2.5"]
[White "Duda, Jan-Krzysztof"]
[Black "Xiong, Jeffery"]
[Result "1-0"]
[WhiteTitle "GM"]
[BlackTitle "GM"]
[WhiteElo "2757"]
[BlackElo "2709"]
[WhiteFideId "1170546"]
[BlackFideId "2047640"]
[EventDate "2020.10.25"]

1. e4 c5 2. Nf3 Nc6 3. Bb5 d6 4. c3 Bd7 5. O-O Nf6 6. Re1 a6 7. Bf1 Bg4 8. h3
Bxf3 9. Qxf3 e6 10. Qd1 Be7 11. d3 O-O 12. Nd2 b5 13. Nf3 d5 14. e5 Nd7 15. d4
b4 16. Re3 bxc3 17. bxc3 Qa5 18. h4 Rfc8 19. h5 Rab8 20. h6 g6 21. Rd3 cxd4 22.
cxd4 Nb6 23. Bg5 Bf8 24. Nh2 Nc4 25. Qg4 Rb2 26. Qf4 Rd2 27. Rxd2 Qxd2 28. Qxd2
Nxd2 29. Bxd2 Nxd4 30. Ng4 Ba3 31. Bxa6 Rc2 32. Be3 1-0

[Event "Speed Chess Invitational"]
[Site "chess.com INT"]
[Date "2020.10.25"]
[Round "2.6"]
[White "Xiong, Jeffery"]
[Black "Duda, Jan-Krzysztof"]
[Result "0-1"]
[WhiteTitle "GM"]
[BlackTitle "GM"]
[WhiteElo "2709"]
[BlackElo "2757"]
[WhiteFideId "2047640"]
[BlackFideId "1170546"]
[EventDate "2020.10.25"]

1. d4 Nf6 2. c4 g6 3. Nc3 d5 4. Nf3 Bg7 5. Bf4 O-O 6. Rc1 dxc4 7. e3 c5 8. Bxc4
cxd4 9. Nxd4 Bd7 10. O-O Nc6 11. Nxc6 Bxc6 12. Qb3 Nd7 13. Rfd1 Rc8 14. Qa3 e6
15. Nb5 Qb6 16. Qxa7 Bxb2 17. Qxb6 Nxb6 18. Nd6 Bxc1 19. Rxc1 Bd5 20. e4 Bxc4 0-1

[Event "Speed Chess Invitational"]
[Site "chess.com INT"]
[Date "2020.10.25"]
[Round "2.7"]
[White "Duda, Jan-Krzysztof"]
[Black "Xiong, Jeffery"]
[Result "1-0"]
[WhiteTitle "GM"]
[BlackTitle "GM"]
[WhiteElo "2757"]
[BlackElo "2709"]
[WhiteFideId "1170546"]
[BlackFideId "2047640"]
[EventDate "2020.10.25"]

1. e4 e6 2. d4 d5 3. e5 c5 4. c3 Ne7 5. Nf3 Nec6 6. Be2 b6 7. O-O Ba6 8. Be3 Qd7
9. Re1 Be7 10. Nbd2 Bxe2 11. Qxe2 O-O 12. h4 Qb7 13. Ng5 h6 14. Qh5 cxd4 15.
cxd4 Qa6 16. Nh3 Qd3 17. Nf4 Qh7 18. Qg4 Nd7 19. Nxe6 Nb4 20. Nxf8 Nxf8 21. Red1
Ne6 22. h5 Nd3 23. b3 Rc8 24. Nf1 Bb4 25. Ng3 Bc3 26. Rab1 Nb2 27. Rf1 Nd3 28.
Nf5 Bb4 29. Rfd1 1-0

[Event "Speed Chess Invitational"]
[Site "chess.com INT"]
[Date "2020.10.25"]
[Round "2.8"]
[White "Xiong, Jeffery"]
[Black "Duda, Jan-Krzysztof"]
[Result "1-0"]
[WhiteTitle "GM"]
[BlackTitle "GM"]
[WhiteElo "2709"]
[BlackElo "2757"]
[WhiteFideId "2047640"]
[BlackFideId "1170546"]
[EventDate "2020.10.25"]

1. d4 Nf6 2. Nf3 g6 3. Nc3 d5 4. Bf4 Bg7 5. Nb5 Na6 6. e3 c6 7. Nc3 Nc7 8. h3
O-O 9. Bd3 Nce8 10. Ne5 Nd6 11. Ne2 c5 12. c3 b6 13. a4 Bb7 14. a5 Rc8 15. axb6
axb6 16. O-O c4 17. Bc2 b5 18. b4 e6 19. Bh2 Qe7 20. Qc1 Ra8 21. Qb2 Rfc8 22.
Rxa8 Rxa8 23. Ra1 Nc8 24. Ra5 Rxa5 25. bxa5 Na7 26. Nc1 Nd7 27. Nxd7 Qxd7 28.
Na2 Bf8 29. Nb4 Nc6 30. a6 Ba8 31. Nxc6 Qxc6 32. Qa2 b4 33. cxb4 Bxb4 34. a7 Be7
35. Qa5 Qb7 36. Be5 f6 37. Bc7 Qb4 38. Qa6 Kf7 39. Qc8 Bb7 40. Qb8 c3 41. Kh2
Qb2 42. Ba4 g5 43. Qe8+ Kg7 44. Qxe7+ 1-0

[Event "Speed Chess Invitational"]
[Site "chess.com INT"]
[Date "2020.10.25"]
[Round "2.9"]
[White "Duda, Jan-Krzysztof"]
[Black "Xiong, Jeffery"]
[Result "1-0"]
[WhiteTitle "GM"]
[BlackTitle "GM"]
[WhiteElo "2757"]
[BlackElo "2709"]
[WhiteFideId "1170546"]
[BlackFideId "2047640"]
[EventDate "2020.10.25"]

1. e4 e6 2. d4 d5 3. Nc3 Bb4 4. e5 Ne7 5. a3 Bxc3+ 6. bxc3 c5 7. Qg4 Kf8 8. a4
Qc7 9. Qd1 b6 10. Nf3 Ba6 11. Bb5 h6 12. O-O Bb7 13. Bd3 Ba6 14. Bb5 Bb7 15. Re1
c4 16. a5 bxa5 17. Ba3 Nc6 18. Nh4 Kg8 19. Qh5 Qd8 20. Re3 g6 21. Qf3 Nc8 22.
Qh3 N8e7 23. Rf3 Bc8 24. Rf6 Rh7 25. Qf3 Bd7 26. Bxc6 Bxc6 27. Qg4 Bd7 28. Rb1
Nf5 29. Nxf5 exf5 30. Qf4 Be6 31. h4 h5 32. Rb7 Rb8 33. Rxa7 Qe8 34. Qg5 Ra8 35.
Re7 Qc8 36. Rfxe6 1-0

[Event "Speed Chess Invitational"]
[Site "chess.com INT"]
[Date "2020.10.25"]
[Round "2.10"]
[White "Xiong, Jeffery"]
[Black "Duda, Jan-Krzysztof"]
[Result "0-1"]
[WhiteTitle "GM"]
[BlackTitle "GM"]
[WhiteElo "2709"]
[BlackElo "2757"]
[WhiteFideId "2047640"]
[BlackFideId "1170546"]
[EventDate "2020.10.25"]

1. d4 Nf6 2. Nf3 g6 3. Nbd2 d5 4. b4 Bg7 5. e3 O-O 6. Bb2 Bg4 7. h3 Bxf3 8. Nxf3
Qd6 9. a3 Nbd7 10. c4 c6 11. Bd3 dxc4 12. Bxc4 b5 13. Be2 a5 14. bxa5 Rxa5 15.
O-O Rfa8 16. Qb3 Nb6 17. Ne5 Nfd5 18. Rfc1 Bxe5 19. dxe5 Qd7 20. Bd4 Na4 21. Qc2
c5 22. e4 cxd4 23. exd5 Qxd5 24. Bf3 Qxe5 25. Re1 Qd6 26. Bxa8 Rxa8 27. Qe2 Nc3
28. Qxe7 Qxe7 29. Rxe7 b4 30. a4 d3 31. Rb7 d2 32. Rd7 d1=Q+ 33. Rdxd1 Nxd1 34.
Rxd1 Rxa4 35. Rd8+ Kg7 36. Rb8 Kf6 37. Rb7 Ke6 38. Kh2 h5 39. h4 Kd5 40. Rxf7 b3
41. Rb7 Kc4 42. Kg3 Rb4 43. Rd7 b2 44. Rd1 b1=Q 45. Rxb1 Rxb1 46. Kf4 Rb5 47. f3
Kd3 48. g4 Ke2 0-1

[Event "Speed Chess Invitational"]
[Site "chess.com INT"]
[Date "2020.10.25"]
[Round "2.11"]
[White "Duda, Jan-Krzysztof"]
[Black "Xiong, Jeffery"]
[Result "0-1"]
[WhiteTitle "GM"]
[BlackTitle "GM"]
[WhiteElo "2757"]
[BlackElo "2709"]
[WhiteFideId "1170546"]
[BlackFideId "2047640"]
[EventDate "2020.10.25"]

1. e4 c5 2. Nf3 e6 3. d4 cxd4 4. Nxd4 Nc6 5. Nc3 a6 6. Nxc6 bxc6 7. Bd3 d5 8.
O-O Qc7 9. Re1 Bb7 10. Qg4 Nf6 11. Qh3 Bd6 12. Bd2 h5 13. Qh4 Ng4 14. h3 Be7 15.
Qg3 Qxg3 16. fxg3 Ne5 17. exd5 Nxd3 18. cxd3 cxd5 19. Rac1 Bc6 20. Kf2 Kd7 21.
Ne2 Bb5 22. d4 Rac8 23. Ba5 Bg5 24. Rxc8 Rxc8 25. Nc3 Bd3 26. Re5 Bf6 27. Na4
Rc2+ 28. Ke3 Bb5 29. Nb6+ Kc6 30. Rxh5 Rxb2 31. a4 Bf1 32. Rh8 Bxg2 33. Na8 Be4
34. h4 Rb3+ 35. Ke2 Rxg3 36. Nc7 Bxd4 37. Ra8 Rg2+ 38. Kf1 Bf3 39. Rxa6+ Kb7 40.
Rd6 Rg1# 0-1

[Event "Speed Chess Invitational"]
[Site "chess.com INT"]
[Date "2020.10.25"]
[Round "2.12"]
[White "Xiong, Jeffery"]
[Black "Duda, Jan-Krzysztof"]
[Result "0-1"]
[WhiteTitle "GM"]
[BlackTitle "GM"]
[WhiteElo "2709"]
[BlackElo "2757"]
[WhiteFideId "2047640"]
[BlackFideId "1170546"]
[EventDate "2020.10.25"]

1. e4 e6 2. d4 d5 3. Nd2 dxe4 4. Nxe4 Bd7 5. Nf3 Bc6 6. Bd3 Nd7 7. c4 Ngf6 8.
Nc3 Bxf3 9. Qxf3 c5 10. d5 Ne5 11. Qg3 Nxd3+ 12. Qxd3 Be7 13. Bf4 Bd6 14. Bxd6
Qxd6 15. O-O-O O-O-O 16. Qf3 exd5 17. Nxd5 Nxd5 18. Rxd5 Qh6+ 19. Kb1 Rxd5 20.
Qxd5 Qg6+ 21. Ka1 Rd8 22. Qxc5+ Kb8 23. g3 Qe4 24. Rb1 f6 25. a3 Qd4 26. Qe7 Rd7
27. Qe2 a6 28. Rc1 Qd2 29. Rc2 Qxe2 30. Rxe2 Kc7 31. Kb1 b5 32. cxb5 axb5 33.
Kc2 Kb6 34. Re3 Ka5 35. Rd3 Re7 36. Re3 Rc7+ 37. Kd2 Ka4 38. Rc3 Re7 39. Rd3 g6
40. Rd4+ Ka5 41. h4 f5 42. b3 Kb6 43. Rd8 Ra7 44. Kc3 Rxa3 45. Kb4 Ra2 46. f4
Rg2 47. Rd6+ Kc7 48. Rd3 Kc6 49. Rc3+ Kb6 50. Re3 Kc6 51. Re6+ Kd7 52. Re3 Kc6
53. Rc3+ Kb6 54. h5 Re2 55. Rc5 Re4+ 0-1

[Event "Speed Chess Invitational"]
[Site "chess.com INT"]
[Date "2020.10.25"]
[Round "2.1"]
[White "Karjakin, Sergey"]
[Black "Jobava, Baadur"]
[Result "1-0"]
[WhiteTitle "GM"]
[BlackTitle "GM"]
[WhiteElo "2752"]
[BlackElo "2603"]
[WhiteFideId "14109603"]
[BlackFideId "13601520"]
[EventDate "2020.10.25"]

1. e4 c5 2. Nf3 e6 3. d4 cxd4 4. Nxd4 Nf6 5. Nc3 Bb4 6. e5 Nd5 7. Qg4 Kf8 8. Bd2
h5 9. Qe4 Nc6 10. Nxd5 Bxd2+ 11. Kxd2 exd5 12. Qxd5 Qg5+ 13. Kc3 Qxe5 14. Qxe5
Nxe5 15. Re1 Ng4 16. f3 Nf6 17. Bd3 h4 18. Re5 d6 19. Rg5 Bd7 20. Kd2 Rc8 21. b4
Rh5 22. Rxh5 Nxh5 23. Re1 Nf4 24. Bf1 g5 25. a3 b6 26. g3 hxg3 27. hxg3 Nh5 28.
Ba6 Rc7 29. Rg1 Kg7 30. Bd3 Kf6 31. Ne2 Kg7 32. Rh1 Nf6 33. Nd4 Rc8 34. g4 Re8
35. Bf5 Ba4 36. b5 Re5 37. Bd3 Kg8 38. Rb1 Rc5 39. Rb4 1-0

[Event "Speed Chess Invitational"]
[Site "chess.com INT"]
[Date "2020.10.25"]
[Round "2.2"]
[White "Jobava, Baadur"]
[Black "Karjakin, Sergey"]
[Result "1/2-1/2"]
[WhiteTitle "GM"]
[BlackTitle "GM"]
[WhiteElo "2603"]
[BlackElo "2752"]
[WhiteFideId "13601520"]
[BlackFideId "14109603"]
[EventDate "2020.10.25"]

1. d4 Nf6 2. c4 e6 3. Nf3 d5 4. Nc3 Be7 5. cxd5 exd5 6. Bf4 c6 7. e3 Bf5 8. h3
Nbd7 9. g4 Bg6 10. Bd3 Ne4 11. Bxe4 dxe4 12. Nd2 Qa5 13. a3 O-O 14. b4 Qd8 15.
Ndxe4 a5 16. bxa5 Qxa5 17. O-O f5 18. gxf5 Qxf5 19. Kh2 Qe6 20. Ng5 Qc4 21. Nge4
Bxa3 22. Rg1 Be7 23. Rxa8 Rxa8 24. Qg4 Nf6 25. Nxf6+ Bxf6 26. Ne2 Qd5 27. Bg3
Bf5 28. Nf4 Qd7 29. Qe2 g6 30. e4 Be6 31. Nxe6 Qxe6 32. Rd1 Rd8 33. Qe3 Kf7 34.
Qf3 Kg7 35. d5 cxd5 36. exd5 Qf5 37. Qxf5 gxf5 38. Kg2 Kf7 39. Kf3 Rd7 40. d6 1/2-1/2

[Event "Speed Chess Invitational"]
[Site "chess.com INT"]
[Date "2020.10.25"]
[Round "2.3"]
[White "Karjakin, Sergey"]
[Black "Jobava, Baadur"]
[Result "1-0"]
[WhiteTitle "GM"]
[BlackTitle "GM"]
[WhiteElo "2752"]
[BlackElo "2603"]
[WhiteFideId "14109603"]
[BlackFideId "13601520"]
[EventDate "2020.10.25"]

1. e4 c6 2. Nf3 d5 3. exd5 cxd5 4. Ne5 Nf6 5. d4 Nc6 6. Bb5 Bd7 7. Bxc6 Bxc6 8.
O-O e6 9. Bg5 Be7 10. Nd2 Rc8 11. c3 O-O 12. Re1 Qb6 13. Rb1 Rfe8 14. Qf3 Ba4
15. b3 Bc6 16. Re3 Qd8 17. Qf4 Rf8 18. Rh3 Ne4 19. Nxe4 1-0

[Event "Speed Chess Invitational"]
[Site "chess.com INT"]
[Date "2020.10.25"]
[Round "2.4"]
[White "Jobava, Baadur"]
[Black "Karjakin, Sergey"]
[Result "1-0"]
[WhiteTitle "GM"]
[BlackTitle "GM"]
[WhiteElo "2603"]
[BlackElo "2752"]
[WhiteFideId "13601520"]
[BlackFideId "14109603"]
[EventDate "2020.10.25"]

1. e4 e5 2. Nf3 Nc6 3. c3 d5 4. d3 dxe4 5. dxe4 Qxd1+ 6. Kxd1 Bc5 7. Ke1 Nf6 8.
Bd3 O-O 9. h3 Rd8 10. Bc2 a5 11. Bg5 Be6 12. a4 h6 13. Bxf6 gxf6 14. Nbd2 Ne7
15. Ke2 Ng6 16. g3 Rd7 17. Rad1 Rad8 18. Bb3 b6 19. Bxe6 fxe6 20. h4 Kf7 21. h5
Nf8 22. Rb1 Ra8 23. Rhd1 Be7 24. Nc4 Rxd1 25. Rxd1 Ke8 26. Nh2 Nd7 27. Ng4 Bf8
28. Rxd7 Kxd7 29. Nxf6+ Ke7 30. Ng4 Bg7 31. Ngxe5 Bxe5 32. Nxe5 Kd6 33. f4 c6
34. g4 b5 35. axb5 cxb5 36. Nf7+ Ke7 37. Nxh6 a4 38. g5 Rc8 39. g6 Kf8 40. f5
exf5 41. exf5 1-0

[Event "Speed Chess Invitational"]
[Site "chess.com INT"]
[Date "2020.10.25"]
[Round "2.5"]
[White "Karjakin, Sergey"]
[Black "Jobava, Baadur"]
[Result "1-0"]
[WhiteTitle "GM"]
[BlackTitle "GM"]
[WhiteElo "2752"]
[BlackElo "2603"]
[WhiteFideId "14109603"]
[BlackFideId "13601520"]
[EventDate "2020.10.25"]

1. e4 c6 2. Nf3 d5 3. exd5 cxd5 4. Ne5 Nc6 5. Bb5 Bd7 6. Bxc6 Bxc6 7. O-O Nf6 8.
d4 e6 9. Bg5 Be7 10. Nd2 O-O 11. c3 Nd7 12. Bxe7 Qxe7 13. f4 f6 14. Nxd7 Qxd7
15. Qg4 Rae8 16. Rae1 Re7 17. Rf3 Rfe8 18. Rfe3 b6 19. h4 Bb5 20. h5 h6 21. Nf3
Qd6 22. Nh4 Bd7 23. Ng6 Rf7 24. f5 Bc8 25. fxe6 Rc7 26. Nh4 Qf8 27. Nf5 Kh8 28.
Qg6 Rc6 29. e7 Qg8 30. Nxg7 Bd7 31. Qxh6+ 1-0

[Event "Speed Chess Invitational"]
[Site "chess.com INT"]
[Date "2020.10.25"]
[Round "2.6"]
[White "Jobava, Baadur"]
[Black "Karjakin, Sergey"]
[Result "1/2-1/2"]
[WhiteTitle "GM"]
[BlackTitle "GM"]
[WhiteElo "2603"]
[BlackElo "2752"]
[WhiteFideId "13601520"]
[BlackFideId "14109603"]
[EventDate "2020.10.25"]

1. e4 e5 2. Nf3 Nc6 3. c3 d5 4. d3 dxe4 5. dxe4 Qxd1+ 6. Kxd1 Bc5 7. Ke1 f6 8.
Bc4 a5 9. a4 Nge7 10. h3 Nd8 11. Ke2 Nf7 12. Nbd2 Nd6 13. Bd3 Be6 14. b3 Kf7 15.
Bb2 Rhd8 16. Rad1 Rd7 17. Bc2 Rad8 18. Ne1 Ba7 19. Ba3 c5 20. Nef3 c4 21. b4
axb4 22. Bxb4 Nc6 23. Ba3 Nc8 24. Rb1 N8e7 25. Rb5 Nd4+ 26. cxd4 exd4 27. Nxd4
Bxd4 28. Nf3 c3 29. Bb3 Bxb3 30. Rxb3 Nc6 31. Rhb1 c2 32. Rc1 Re8 33. Rxc2 Rxe4+
34. Kf1 Bc5 35. Rd2 Rxd2 36. Nxd2 Re5 37. Rxb7+ Kg6 38. Bxc5 Rxc5 39. Nb3 Rc3
40. a5 Ne5 41. a6 Nc6 42. Ke2 Rc2+ 43. Ke3 Ra2 44. Rb6 Ne5 45. Rb7 Rxa6 46. Nc5
Ra3+ 47. Ke2 Ra2+ 48. Ke3 Nc4+ 49. Kf3 Nd6 50. Rd7 Nf5 51. Ne6 Ra3+ 52. Ke2 Ra2+
53. Kf3 Ra3+ 54. Ke2 Ra2+ 55. Kf3 1/2-1/2

[Event "Speed Chess Invitational"]
[Site "chess.com INT"]
[Date "2020.10.25"]
[Round "2.7"]
[White "Karjakin, Sergey"]
[Black "Jobava, Baadur"]
[Result "1-0"]
[WhiteTitle "GM"]
[BlackTitle "GM"]
[WhiteElo "2752"]
[BlackElo "2603"]
[WhiteFideId "14109603"]
[BlackFideId "13601520"]
[EventDate "2020.10.25"]

1. e4 c6 2. Nf3 d5 3. exd5 cxd5 4. Ne5 Nf6 5. d4 g6 6. Bd3 Bg7 7. O-O O-O 8. c3
Nc6 9. Re1 Bf5 10. Bxf5 gxf5 11. Bf4 e6 12. Nd2 Ne7 13. Bg5 Ng6 14. Ndf3 Qc7 15.
Bxf6 Bxf6 16. Nd3 Kh8 17. Qd2 Rg8 18. Qh6 Rg7 19. g3 Rag8 20. Kh1 Qd8 21. Rad1
Nf8 22. Nf4 Bg5 23. Nxg5 Qxg5 24. Qxg5 Rxg5 25. b3 Nd7 26. c4 dxc4 27. bxc4 Rc8
28. c5 Rgg8 29. d5 exd5 30. Rxd5 Nxc5 31. Rxf5 Rgf8 32. Re7 Kg7 33. Kg2 b6 34.
Rxa7 Ne4 35. Re5 Nc5 36. Rg5+ Kf6 37. h4 Ra8 38. Nd5+ Ke6 39. Nc7+ 1-0

[Event "Speed Chess Invitational"]
[Site "chess.com INT"]
[Date "2020.10.25"]
[Round "2.8"]
[White "Jobava, Baadur"]
[Black "Karjakin, Sergey"]
[Result "1/2-1/2"]
[WhiteTitle "GM"]
[BlackTitle "GM"]
[WhiteElo "2603"]
[BlackElo "2752"]
[WhiteFideId "13601520"]
[BlackFideId "14109603"]
[EventDate "2020.10.25"]

1. b3 e5 2. Bb2 Nc6 3. Nf3 e4 4. Nd4 Nxd4 5. Bxd4 d5 6. e3 Bf5 7. Bb2 h5 8. c4
dxc4 9. Bxc4 Nf6 10. O-O Bd6 11. Bxf6 Qxf6 12. Nc3 Qe5 13. g3 h4 14. f4 exf3 15.
Qxf3 g6 16. d4 Qe7 17. Nd5 Qg5 18. e4 hxg3 19. exf5 gxh2+ 20. Kh1 O-O-O 21. fxg6
fxg6 22. Nf6 Kb8 23. Be6 Ka8 24. Rae1 c6 25. Qg4 Qd2 26. Re2 Qd3 27. Bc4 Qc3 28.
Rd1 Bb8 29. Ne4 Rxd4 30. Nxc3 Rxg4 31. Rg2 Rxg2 32. Kxg2 a6 33. Kh1 Rf8 34. Ne4
Rf4 35. Bd3 Ka7 36. Rf1 Rxf1+ 37. Bxf1 Kb6 38. Bd3 Bf4 39. Kg2 g5 40. Nf6 Kc5
41. Bf5 a5 42. Bc8 b6 43. Bd7 Kd6 44. Bg4 b5 45. Bf3 Kc5 46. Nd7+ Kd6 47. Nf6
Kc5 48. Nd7+ Kd6 49. Nb8 c5 50. Nc6 a4 51. bxa4 bxa4 52. Na5 Ke5 53. Bd1 a3 54.
Nc4+ Kd4 55. Nxa3 c4 56. Be2 c3 57. Nc2+ Kc5 58. a4 Kb6 59. Bb5 Ka5 60. Bc6 Bc7
61. Kh1 g4 62. Bd7 g3 63. Bc6 Bb8 64. Kg2 Bc7 65. Kh1 Bb8 66. Kg2 Bc7 67. Kh1 1/2-1/2

[Event "Speed Chess Invitational"]
[Site "chess.com INT"]
[Date "2020.10.25"]
[Round "2.9"]
[White "Karjakin, Sergey"]
[Black "Jobava, Baadur"]
[Result "1-0"]
[WhiteTitle "GM"]
[BlackTitle "GM"]
[WhiteElo "2752"]
[BlackElo "2603"]
[WhiteFideId "14109603"]
[BlackFideId "13601520"]
[EventDate "2020.10.25"]

1. e4 c6 2. Nf3 d5 3. exd5 cxd5 4. Ne5 Nf6 5. d4 g6 6. Bd3 Bg7 7. O-O O-O 8. c3
Nc6 9. Re1 Bf5 10. Bxf5 gxf5 11. Bf4 e6 12. Nd2 Ne7 13. Ndf3 Ng6 14. Bg5 Qc7 15.
Bxf6 Bxf6 16. Nd3 Rab8 17. Qd2 b5 18. a4 a5 19. axb5 Rxb5 20. g3 Rfb8 21. Ra2
Kg7 22. Rea1 Bd8 23. h4 h6 24. Nfe5 Nxe5 25. Nxe5 Qb7 26. Nd3 Kh7 27. Qe2 Qe7
28. Ne5 Qe8 29. Qh5 R8b7 30. Nd3 Qg8 31. Kh2 Qg4 32. Qxg4 fxg4 33. Kg2 h5 34.
Kf1 Bc7 35. Ke2 Rb8 36. Kd2 Kg6 37. Kc2 Kf5 38. Re1 f6 39. Re2 e5 40. dxe5 fxe5
41. Nc1 e4 42. b3 Be5 43. Ra4 Rc8 44. Na2 Rbc5 45. c4 d4 46. Re1 d3+ 47. Kd2 Rb8
48. Rb1 Bd4 49. Nc3 Bxf2 50. Rf1 e3+ 51. Kxd3 Rxb3 52. Kd4 Rc8 53. Rxa5+ Kg6 54.
Ne2 Rb2 55. Nf4+ Kg7 56. Rg5+ Kf6 57. Ke4 Rxc4+ 58. Kd3 Ra4 59. Nxh5+ Ke7 60.
Nf4 1-0

[Event "Speed Chess Invitational"]
[Site "chess.com INT"]
[Date "2020.10.25"]
[Round "2.10"]
[White "Jobava, Baadur"]
[Black "Karjakin, Sergey"]
[Result "0-1"]
[WhiteTitle "GM"]
[BlackTitle "GM"]
[WhiteElo "2603"]
[BlackElo "2752"]
[WhiteFideId "13601520"]
[BlackFideId "14109603"]
[EventDate "2020.10.25"]

1. b3 e5 2. Bb2 Nc6 3. Nf3 e4 4. Nd4 Nxd4 5. Bxd4 d5 6. e3 Bf5 7. Bb2 Nf6 8. c4
Be7 9. cxd5 O-O 10. Nc3 Nxd5 11. Nxd5 Qxd5 12. Bc4 Qd6 13. O-O Rad8 14. Bc3 Bf6
15. Bxf6 Qxf6 16. f3 Qb2 17. fxe4 Rxd2 18. Qf3 Bg6 19. h4 h5 20. g4 Qe5 21. Qf4
Qxe4 22. Rf2 Qxf4 23. exf4 Rxf2 24. Kxf2 hxg4 25. Re1 Rc8 26. Kg3 Kf8 27. Kxg4
f6 28. h5 Be8 0-1

[Event "Speed Chess Invitational"]
[Site "chess.com INT"]
[Date "2020.10.25"]
[Round "2.1"]
[White "Grischuk, Alexander"]
[Black "Svidler, Peter"]
[Result "1/2-1/2"]
[WhiteTitle "GM"]
[BlackTitle "GM"]
[WhiteElo "2777"]
[BlackElo "2723"]
[WhiteFideId "4126025"]
[BlackFideId "4102142"]
[EventDate "2020.10.25"]

1. Nf3 Nf6 2. c4 g6 3. Nc3 d5 4. cxd5 Nxd5 5. g3 Bg7 6. Bg2 c5 7. h4 h6 8. O-O
Nc6 9. d3 O-O 10. Bd2 Nxc3 11. bxc3 Bg4 12. Rb1 Qd7 13. Re1 Rad8 14. Qc2 b6 15.
Bc1 Bf5 16. Nd2 Ne5 17. Ne4 Bh3 18. f3 Bxg2 19. Kxg2 Qc6 20. c4 Qd7 21. Bb2 Nc6
22. Bxg7 Kxg7 23. Qb2+ Qd4 24. Qxd4+ Nxd4 25. Nc3 e6 26. Nb5 Nc6 27. Nc3 Nd4 28.
Nb5 Nc6 29. Nc3 Nd4 1/2-1/2

[Event "Speed Chess Invitational"]
[Site "chess.com INT"]
[Date "2020.10.25"]
[Round "2.2"]
[White "Svidler, Peter"]
[Black "Grischuk, Alexander"]
[Result "1/2-1/2"]
[WhiteTitle "GM"]
[BlackTitle "GM"]
[WhiteElo "2723"]
[BlackElo "2777"]
[WhiteFideId "4102142"]
[BlackFideId "4126025"]
[EventDate "2020.10.25"]

1. e4 c5 2. Nf3 d6 3. Bb5+ Bd7 4. c4 Nf6 5. Nc3 a6 6. Bxd7+ Nbxd7 7. d4 cxd4 8.
Qxd4 g6 9. O-O Bg7 10. Qd3 O-O 11. h3 Rc8 12. Bd2 Nh5 13. Rac1 Ne5 14. Nxe5 Bxe5
15. b3 Bg7 16. Be3 Re8 17. Rfd1 Nf6 18. Bd4 Rc6 19. Nd5 Qd7 20. Bxf6 Bxf6 21.
Nxf6+ exf6 22. c5 Qc8 23. cxd6 Rxc1 24. d7 Rxd1+ 25. Qxd1 Qd8 26. dxe8=Q+ Qxe8
27. Qd5 Qe7 28. h4 h5 29. g3 Kg7 30. Kg2 Qc7 31. a4 a5 1/2-1/2

[Event "Speed Chess Invitational"]
[Site "chess.com INT"]
[Date "2020.10.25"]
[Round "2.3"]
[White "Grischuk, Alexander"]
[Black "Svidler, Peter"]
[Result "1/2-1/2"]
[WhiteTitle "GM"]
[BlackTitle "GM"]
[WhiteElo "2777"]
[BlackElo "2723"]
[WhiteFideId "4126025"]
[BlackFideId "4102142"]
[EventDate "2020.10.25"]

1. d4 Nf6 2. Nf3 g6 3. Nbd2 d5 4. e3 a5 5. c4 Bg7 6. b3 O-O 7. Bb2 c6 8. Be2 b6
9. O-O Bb7 10. Rc1 e6 11. cxd5 exd5 12. Ne5 Nfd7 13. Ndf3 Nxe5 14. Nxe5 Qe7 15.
Rc2 Rc8 16. Qc1 c5 17. Nd3 Na6 18. dxc5 Bxb2 19. Qxb2 Nxc5 20. Rfc1 Nxd3 21.
Bxd3 Rxc2 22. Rxc2 Rc8 23. Rxc8+ Bxc8 24. a3 Be6 25. b4 axb4 26. axb4 f6 27. h4
Kf7 28. h5 Kg7 29. hxg6 hxg6 30. Qd4 Qd6 31. Be2 Bf7 32. Bf3 Qc6 33. Qf4 g5 34.
Qd4 Qc4 35. Qd2 Be6 36. Be2 Qc6 37. Bf3 Kf7 38. Bh5+ Ke7 39. Bf3 Qc4 40. Be2 Qc6
41. Bf3 Qc4 42. Be2 Qc6 43. Bf3 1/2-1/2

[Event "Speed Chess Invitational"]
[Site "chess.com INT"]
[Date "2020.10.25"]
[Round "2.4"]
[White "Svidler, Peter"]
[Black "Grischuk, Alexander"]
[Result "0-1"]
[WhiteTitle "GM"]
[BlackTitle "GM"]
[WhiteElo "2723"]
[BlackElo "2777"]
[WhiteFideId "4102142"]
[BlackFideId "4126025"]
[EventDate "2020.10.25"]

1. e4 c5 2. Nf3 d6 3. Bb5+ Bd7 4. Bxd7+ Qxd7 5. O-O Nf6 6. Re1 Nc6 7. c3 e6 8.
d3 Be7 9. Nbd2 O-O 10. Nf1 b5 11. Ng3 Ne5 12. d4 Nxf3+ 13. Qxf3 cxd4 14. cxd4
Qb7 15. d5 exd5 16. exd5 Rfe8 17. Nf5 Bf8 18. Bg5 Qxd5 19. Bxf6 Qxf3 20. gxf3
gxf6 21. f4 d5 22. Kg2 Rxe1 23. Rxe1 Rd8 24. Kf3 d4 25. Rd1 d3 26. Ke4 d2 27.
Kf3 Bc5 28. Ke2 Kf8 29. Rxd2 Rxd2+ 30. Kxd2 Bxf2 31. Kd3 Ke8 32. Ke4 Kd7 33. h3
Bg1 34. b3 a6 35. Nh6 Ke6 36. f5+ Kd6 37. Nxf7+ Kc5 38. Nh6 Bd4 39. h4 Bb2 40.
h5 a5 41. Ng4 Kb4 42. Kd5 Ka3 43. Ke6 Kxa2 44. Nxf6 Kxb3 45. Nxh7 a4 46. f6 a3
47. f7 Bg7 48. h6 Bxh6 0-1